Der philosophische Diskurs der Moderne (Record no. 77283)

MARC details
000 -LEADER
campo de control de longitud fija 00550nam a2200193 i 4500
001 - NÚMERO DE CONTROL
campo de control 77283
003 - IDENTIFICADOR DE NÚMERO DE CONTROL
campo de control ES-MaACL
005 - FECHA Y HORA DE LA ÚLTIMA TRANSACCIÓN
campo de control 20230906173139.0
007 - CAMPO FIJO DE DESCRIPCIÓN FÍSICA--INFORMACIÓN GENERAL
campo de control de longitud fija t|
008 - DATOS DE LONGITUD FIJA--INFORMACIÓN GENERAL
campo de control de longitud fija 041007s1986 gw ||||1| ger d
020 ## - NÚMERO INTERNACIONAL ESTÁNDAR DEL LIBRO
Número Internacional Estándar del Libro 3-518-57722-0
100 1# - ENTRADA PRINCIPAL--NOMBRE DE PERSONA
Nombre de persona Habermas, Jürgen.
9 (RLIN) 61376
245 14 - MENCIÓN DEL TÍTULO
Título Der philosophische Diskurs der Moderne
Resto del título : Zwölf Vorlesungen /
Mención de responsabilidad, etc. Jürgen Habermas.
250 ## - MENCION DE EDICION
Mención de edición [3. Aufl.].
260 ## - PUBLICACIÓN, DISTRIBUCIÓN, ETC.
Lugar de publicación, distribución, etc. Frankfurt am Main :
Nombre del editor, distribuidor, etc. Suhrkamp,
Fecha de publicación, distribución, etc. 1986.
300 ## - DESCRIPCIÓN FÍSICA
Extensión 449 p. ;
Dimensiones 20 cm.
500 ## - NOTA GENERAL
Nota general Indice.
852 ## - LOCALIZACIÓN
Ubicación ES-MaACL
Número de control de estantería L-11270
Sublocalización o colección R.112809
Holdings
Estatus retirado Estado de pérdida Estado de daño No para préstamo Biblioteca de origen Biblioteca actual Ubicación en estantería Fecha de adquisición Fuente de adquisición Total de préstamos Signatura topográfica completa Código de barras Visto por última vez Precio de reemplazo Tipo de ítem Koha
        Biblioteca del Ateneo de Madrid Biblioteca del Ateneo de Madrid Depósito 2 17/01/2008     L-11270 1080860 23/02/2023 23/02/2023 Libro impreso